| 000 | 01897nam0a2200361 4500 | ||
|---|---|---|---|
| 001 | RU\NLR\BIBL_A\022617840 | ||
| 005 | 20251126112210.0 | ||
| 010 |
_a978-5-91407-392-0 _9200 |
||
| 021 |
_aRU _bКН-П-25-042247 _9КН-П-25-4111 |
||
| 035 | _a(NLR Aleph) 022617840 | ||
| 090 |
_a13469819 _c13469819 |
||
| 100 | _a20250909d2025 u y0rusy50 ca | ||
| 101 | 0 |
_arus _abua |
|
| 102 | _aRU | ||
| 105 | _aac z 000zy | ||
| 181 | 0 |
_ai _baxxe |
|
| 182 | 0 | _an | |
| 200 | 1 |
_aДундаршагүй бэлиг, дууһашагүй хэшэг _dНеисчерпаемый талант, нескончаемый дар _fД. Г. Дамдинова _zbua |
|
| 203 |
_aТекст _bвизуальный _cнепосредственный |
||
| 210 |
_aУлаан-Удэ _cУласай типографи _d2025 |
||
| 215 |
_a351 с. _cил., портр. _d22 |
||
| 300 | _aТекст рус., бурят. | ||
| 330 | _aВ сборник вошли произведения и творчество писателей на бурятском и русском языках, примерные планы-конспекты уроков для учителей, контрольно-измерительные материалы для самостоятельной работы учащихся. Материал может быть полезным для краеведов, историков, литераторов,обучающихся. | ||
| 606 | 1 |
_aБурятская литература _jСборники _xПреподавание _xСредняя школа _92627031 _3RU\NLR\AUTH\661563591 |
|
| 686 | 1 | _aЧ426.153бурят.я43 | |
| 686 | 2 | _aШ5(2=Бу)64-6я43 | |
| 700 | 1 |
_aДамдинова _bД. Г. _gДашима Гылыковна |
|
| 942 | _cBOOK | ||
| 980 | _aNB | ||